[Event "V Festival FIDE"]
[Site "Torre del Greco ITA"]
[Date "2006.09.09"]
[Round "7"]
[White "Amato, Andrea"]
[Black "Okhotnik, Vladimir"]
[Result "0-1"]
[WhiteElo "2263"]
[BlackElo "2485"]
[PlyCount "56"]
[EventDate "2006.09.03"]

1. e4 c5 2. c3 e5 3. Nf3 Nc6 4. Bc4 Qc7 5. O-O Be7 6. a4 d6 7. h3 Nf6 8. d3 O-O
9. Na3 a6 10. Re1 Rb8 11. d4 Na5 12. dxe5 dxe5 13. Bg5 h6 14. Bh4 Rd8 15. Qe2
Nh5 16. Bxe7 Qxe7 17. Rad1 Bd7 18. Qe3 Nf4 19. b4 cxb4 20. cxb4 Nxc4 21. Nxc4
Bxa4 22. Rxd8+ Rxd8 23. Ncxe5 Ne6 24. Qb6 Bb5 25. Rc1 Kh7 26. g3 h5 27. Kg2 f6
28. Rc2 Rd6 0-1

[Event "V Festival FIDE"]
[Site "Torre del Greco ITA"]
[Date "2006.09.09"]
[Round "7"]
[White "Castaldo, Folco"]
[Black "Sellitti, Federico"]
[Result "1/2-1/2"]
[WhiteElo "2336"]
[BlackElo "2165"]
[PlyCount "64"]
[EventDate "2006.09.03"]

1. Nf3 c5 2. c4 Nf6 3. Nc3 Nc6 4. d4 cxd4 5. Nxd4 e6 6. a3 Be7 7. e4 Nxd4 8.
Qxd4 d6 9. Be2 O-O 10. O-O h6 11. Be3 a6 12. Rfd1 Qc7 13. Rac1 Bd7 14. f3 Rfd8
15. b4 Be8 16. Qd2 b6 17. Qb2 Rab8 18. Bf1 Qc6 19. Ne2 Qb7 20. Nd4 Ra8 21. Qf2
Rab8 22. Rd2 Qc7 23. Rdc2 Qb7 24. Rc3 Rdc8 25. Bd3 Rc7 26. Qe2 Ra8 27. Bf2 Rcc8
28. Be3 Rc7 29. Qf2 Rb8 30. Nb3 Ba4 31. Nd4 Be8 32. Qe2 Ra8 1/2-1/2

[Event "V Festival FIDE"]
[Site "Torre del Greco ITA"]
[Date "2006.09.09"]
[Round "7"]
[White "Stromboli, Carlo"]
[Black "Isonzo, David"]
[Result "0-1"]
[WhiteElo "2196"]
[BlackElo "2361"]
[PlyCount "50"]
[EventDate "2006.09.03"]

1. e4 c5 2. Nf3 d6 3. d4 cxd4 4. Nxd4 Nf6 5. Nc3 a6 6. Be3 e5 7. Nb3 Be6 8. f3
Nbd7 9. Qd2 Be7 10. g4 Qc7 11. O-O-O O-O 12. h4 Rfc8 13. h5 d5 14. g5 d4 15.
Bxd4 exd4 16. Nxd4 Rd8 17. Nxe6 fxe6 18. gxf6 Nxf6 19. Qh2 Qxc3 20. Bd3 Qc5 21.
h6 g6 22. f4 Ng4 23. Qh3 Qe3+ 24. Qxe3 Nxe3 25. Rde1 Ng2 0-1

[Event "V Festival FIDE"]
[Site "Torre del Greco ITA"]
[Date "2006.09.09"]
[Round "7"]
[White "Stromboli, Ettore"]
[Black "De Rosa, Mariagrazia"]
[Result "1-0"]
[WhiteElo "2224"]
[BlackElo "2092"]
[PlyCount "109"]
[EventDate "2006.09.03"]

1. e4 g6 2. d4 Bg7 3. Nc3 c6 4. h3 d5 5. Nf3 Nh6 6. Bf4 f6 7. exd5 cxd5 8. Nb5
O-O 9. c4 Na6 10. cxd5 Qxd5 11. Nc3 Qa5 12. Bc4+ Kh8 13. O-O e5 14. dxe5 fxe5
15. Bxh6 Bxh6 16. Qd5 Qxd5 17. Bxd5 Nb4 18. Nxe5 Nxd5 19. Nxd5 b6 20. Ne7 Ba6
21. Rfd1 g5 22. N5g6+ hxg6 23. Nxg6+ Kg8 24. Nxf8 Bxf8 25. Rd5 Bc5 26. Rxg5+
Kh7 27. Rd1 Rf8 28. Rd7+ Kh8 29. Rxc5 bxc5 30. Rxa7 Bd3 31. Rc7 c4 32. b3 cxb3
33. axb3 Rb8 34. Rc3 Be4 35. Rc4 Bd5 36. Rh4+ Kg7 37. b4 Kf6 38. f3 Ke5 39. Kf2
Kd6 40. Rf4 Kc6 41. h4 Kb5 42. g4 Bc4 43. h5 Rh8 44. Kg3 Kxb4 45. Kh4 Kc5 46.
g5 Bd3 47. Kg4 Bc4 48. g6 Be6+ 49. Kg5 Kd6 50. Rf6 Ke7 51. Rxe6+ Kxe6 52. g7
Ra8 53. Kg6 Ke7 54. h6 Ra6+ 55. Kh7 1-0

[Event "V Festival FIDE"]
[Site "Torre del Greco ITA"]
[Date "2006.09.10"]
[Round "8"]
[White "Castaldo, Folco"]
[Black "Stromboli, Carlo"]
[Result "1-0"]
[WhiteElo "2336"]
[BlackElo "2196"]
[PlyCount "89"]
[EventDate "2006.09.03"]

1. Nf3 Nf6 2. c4 g6 3. Nc3 Bg7 4. e4 d6 5. d4 O-O 6. Be2 e5 7. d5 a5 8. Bg5 h6
9. Bh4 Na6 10. Nd2 Nc5 11. O-O g5 12. Bg3 Nfxe4 13. Ndxe4 Nxe4 14. Nxe4 f5 15.
Nc3 f4 16. Ne4 Bf5 17. Bd3 Qe8 18. h3 fxg3 19. fxg3 Qg6 20. Qc2 Bxe4 21. Bxe4
Qe8 22. Bh7+ Kh8 23. Qe4 Qe7 24. Bf5 Bf6 25. Rf3 Qg7 26. Raf1 Be7 27. g4 Rf6
28. g3 Rff8 29. Kg2 Rf7 30. Ra3 Rff8 31. Rff3 Bf6 32. Be6 Qe7 33. Qg6 Qg7 34.
Qe4 Qe7 35. Rf5 Qg7 36. Raf3 Qe7 37. Rf2 b6 38. R5f3 Qg7 39. Rf1 Rae8 40. h4
Rb8 41. a4 Rbd8 42. Rf5 Qg6 43. Qf3 e4 44. Qxe4 Qg7 45. hxg5 1-0

[Event "V Festival FIDE"]
[Site "Torre del Greco ITA"]
[Date "2006.09.10"]
[Round "8"]
[White "Isonzo, David"]
[Black "Stromboli, Ettore"]
[Result "1/2-1/2"]
[WhiteElo "2361"]
[BlackElo "2224"]
[PlyCount "77"]
[EventDate "2006.09.03"]

1. e4 e6 2. d4 d5 3. Nc3 Bb4 4. e5 c5 5. a3 Bxc3+ 6. bxc3 Ne7 7. a4 Nbc6 8. Nf3
Qa5 9. Bd2 Bd7 10. Bb5 c4 11. O-O f6 12. Re1 O-O-O 13. Bc1 Rde8 14. Qd2 Ng6 15.
Ba3 Kb8 16. Bb4 Qd8 17. Bd6+ Ka8 18. Reb1 Nge7 19. a5 Nc8 20. Bc5 Nb8 21. Qc1
Bxb5 22. Rxb5 a6 23. Rbb1 Na7 24. Bxa7 Kxa7 25. Rb6 Re7 26. Qa3 Rhe8 27. Rab1
Qc8 28. Rd6 Qc7 29. Rbb6 Nd7 30. Rb1 Nb8 31. Rbb6 Nd7 32. Qa4 Qc8 33. Rb1 Nb8
34. Rdb6 Nc6 35. Qa3 Nb8 36. Qc1 Nc6 37. Qa3 Nb8 38. h3 Rc7 39. Qd6 1/2-1/2

[Event "V Festival FIDE"]
[Site "Torre del Greco ITA"]
[Date "2006.09.10"]
[Round "8"]
[White "Madan, Augustin"]
[Black "Amato, Andrea"]
[Result "1/2-1/2"]
[WhiteElo "2411"]
[BlackElo "2263"]
[PlyCount "150"]
[EventDate "2006.09.03"]

1. e4 e6 2. d4 d5 3. Nd2 Be7 4. Ngf3 c5 5. exd5 exd5 6. dxc5 Bxc5 7. Nb3 Bb6 8.
Bd3 Ne7 9. O-O O-O 10. Re1 Nbc6 11. c3 Ng6 12. h3 Bc7 13. Be3 Nce5 14. Nbd4 a6
15. Bc2 Re8 16. Nxe5 Nxe5 17. Bf4 Qf6 18. Bxe5 Rxe5 19. Rxe5 Qxe5 20. Nf3 Qd6
21. Qd3 g6 22. Rd1 Bf5 23. Qd2 Bxc2 24. Qxc2 b5 25. Qd3 Rd8 26. a3 h6 27. g3
Qe6 28. Kg2 Qe4 29. Qd2 Kg7 30. Re1 Qc4 31. Qe3 Rd6 32. Nd4 Bb6 33. Qe5+ Rf6
34. Re3 Bc7 35. Qe7 Bd6 36. Qd7 Qc7 37. Re7 Qxd7 38. Rxd7 Kf8 39. Rd8+ Kg7 40.
f4 h5 41. h4 Kh7 42. Kf3 Kg7 43. b4 Kh7 44. Ke2 Kg7 45. Kd3 Kh7 46. Nb3 Bxf4
47. gxf4 Rxf4 48. Rxd5 Rxh4 49. Nd4 Rh3+ 50. Kd2 h4 51. Ne2 Rf3 52. Nd4 Rg3 53.
Ne2 Rf3 54. Nd4 Rg3 55. Re5 h3 56. Re2 g5 57. Rf2 Kg6 58. Ne2 Rg4 59. Rh2 Rh4
60. Ke3 f5 61. Rh1 Re4+ 62. Kf2 g4 63. a4 f4 64. axb5 axb5 65. Rd1 g3+ 66. Nxg3
fxg3+ 67. Kxg3 Re3+ 68. Kh2 Rxc3 69. Rd5 Kf6 70. Rxb5 Ke6 71. Rb8 Kd6 72. b5
Kc7 73. Rh8 Rb3 74. Rxh3 Rxh3+ 75. Kxh3 Kb6 1/2-1/2

[Event "V Festival FIDE"]
[Site "Torre del Greco ITA"]
[Date "2006.09.10"]
[Round "8"]
[White "Sellitti, Federico"]
[Black "Okhotnik, Vladimir"]
[Result "1/2-1/2"]
[WhiteElo "2165"]
[BlackElo "2485"]
[PlyCount "269"]
[EventDate "2006.09.03"]

1. e4 d5 2. exd5 Qxd5 3. Nc3 Qd6 4. g3 Nf6 5. Bg2 Bg4 6. Nge2 c6 7. d4 e6 8.
Bf4 Qd8 9. Qd2 Nbd7 10. O-O Be7 11. Be3 Nb6 12. h3 Nc4 13. Qc1 Nxe3 14. Qxe3
Bf5 15. Rac1 h5 16. Nf4 Qc7 17. a4 a5 18. Nd3 h4 19. g4 Bxd3 20. Qxd3 O-O-O 21.
Rfd1 Qb6 22. Qf3 Rhf8 23. Ne2 Nd5 24. Rd3 Bg5 25. Rb3 Qa6 26. Rd1 Qa7 27. Nc3
Bf6 28. Nxd5 Rxd5 29. c3 Qb8 30. Qe3 Bg5 31. Qe2 Rd6 32. Qe5 Bd8 33. Qxg7 Be7
34. Qe5 Qc7 35. c4 f6 36. Qe3 e5 37. d5 f5 38. Qxe5 fxg4 39. hxg4 Rdf6 40.
Qxc7+ Kxc7 41. f3 Rf4 42. Rc3 h3 43. Bxh3 Rxf3 44. Rxf3 Rxf3 45. Kg2 Rb3 46.
Rd2 Bd6 47. Rf2 Rg3+ 48. Kh2 Rxg4+ 49. Kh1 Rxc4 50. dxc6 bxc6 51. b3 Re4 52.
Bf1 Kb6 53. Bc4 Kc5 54. Rc2 Rh4+ 55. Kg1 Kb4 56. Kf1 Be5 57. Ke2 Bc3 58. Bf7
Rh1 59. Kd3 c5 60. Ke2 Bd4 61. Bc4 Rb1 62. Kd3 Re1 63. Re2 Rg1 64. Bd5 Rg3+ 65.
Kc2 Bg7 66. Re4+ Ka3 67. Re2 Rc3+ 68. Kb1 Bd4 69. Ra2+ Kb4 70. Re2 Be3 71. Rc2
Rd3 72. Bf7 Bd4 73. Ka2 Bc3 74. Kb1 Ka3 75. Ra2+ Kb4 76. Rc2 Re3 77. Bg8 Re1+
78. Rc1 Re8 79. Bf7 Re7 80. Bg8 Rg7 81. Be6 Rg3 82. Rc2 Re3 83. Bg8 Re1+ 84.
Rc1 Re7 85. Rc2 Rd7 86. Be6 Rg7 87. Bd5 Rg3 88. Bf7 Rg1+ 89. Rc1 Be1 90. Rc2
Bc3+ 91. Rc1 Rg3 92. Rc2 Rg7 93. Be6 Re7 94. Bg8 Re3 95. Bf7 Rd3 96. Bg8 Rd1+
97. Rc1 Rd8 98. Bf7 Rf8 99. Be6 Bd4 100. Rc2 Re8 101. Bf7 Re7 102. Bg8 Re3 103.
Ka2 Bc3 104. Kb1 Rg3 105. Bf7 c4 106. Bxc4 Kc5 107. Rh2 Be5 108. Re2 Bg7 109.
Kc2 Rc3+ 110. Kd2 Kd4 111. Re6 Rg3 112. Rd6+ Ke4 113. Kc2 Be5 114. Rd7 Bf6 115.
Rd3 Rg5 116. Rd7 Be5 117. Rd3 Bf4 118. Rd7 Rg2+ 119. Kb1 Rf2 120. Rd1 Bd2 121.
Kc2 Ke3 122. Rh1 Bb4+ 123. Kb1 Rf3 124. Rd1 Rf2 125. Rd3+ Ke4 126. Rd7 Bc3 127.
Bd3+ Ke3 128. Bc4 Bd4 129. Rh7 Kd2 130. Rh3 Be3 131. Rh1 Kc3 132. Rh3 Kd2 133.
Rh1 Bf4 134. Rh3 Be3 135. Rh1 1/2-1/2

[Event "V Festival FIDE"]
[Site "Torre del Greco ITA"]
[Date "2006.09.10"]
[Round "9"]
[White "Okhotnik, Vladimir"]
[Black "Madan, Augustin"]
[Result "1/2-1/2"]
[WhiteElo "2485"]
[BlackElo "2411"]
[PlyCount "170"]
[EventDate "2006.09.03"]

1. e4 e6 2. d4 d5 3. e5 c5 4. c3 Qb6 5. g3 Nc6 6. Ne2 f6 7. f4 Nh6 8. Bh3 Be7
9. a3 a5 10. Qd3 a4 11. Nd2 cxd4 12. cxd4 Bd7 13. Rb1 Qa6 14. Qxa6 Rxa6 15. Nf3
Rb6 16. Nc3 Na5 17. f5 Nxf5 18. Bxf5 exf5 19. exf6 Bxf6 20. O-O Bc6 21. Re1+
Kd7 22. Ne5+ Kc8 23. Be3 Rb3 24. Bf2 Nc4 25. Nxc6 bxc6 26. Re2 Nxa3 27. Ra1 Nb5
28. Rxa4 Nxc3 29. bxc3 Kb7 30. c4 Ra8 31. Rxa8 Kxa8 32. cxd5 cxd5 33. Rc2 Rb6
34. Rc5 Rd6 35. Kg2 Kb7 36. h4 Bd8 37. Rc2 Rc6 38. Re2 Bf6 39. Kf3 g6 40. Re3
Kc7 41. Ra3 Kd7 42. Be3 Bd8 43. Bf4 Bb6 44. Be5 h6 45. Rb3 Ke6 46. Re3 Kf7 47.
Rb3 g5 48. h5 Ke6 49. Ke2 g4 50. Re3 Kf7 51. Rb3 Bd8 52. Rb7+ Ke6 53. Rg7 Bg5
54. Kd3 Rc1 55. Rg6+ Ke7 56. Rd6 Rh1 57. Rxd5 Rxh5 58. Ra5 Rh1 59. d5 Rd1+ 60.
Ke2 Rd2+ 61. Ke1 Rd3 62. Kf2 Rf3+ 63. Kg2 Re3 64. Ra7+ Kd8 65. Ra8+ Kd7 66.
Ra7+ Kc8 67. Ra8+ Kd7 68. Ra7+ Ke8 69. Ra8+ Kf7 70. Ra7+ Kg6 71. Ra6+ Kh5 72.
Re6 Rd3 73. d6 Rd2+ 74. Kf1 f4 75. gxf4 Bh4 76. Bc3 Rf2+ 77. Kg1 g3 78. d7 Kg4
79. Rxh6 Rc2 80. Be1 Kf3 81. Rb6 Rc1 82. Rb3+ Kxf4 83. Rb4+ Kf3 84. Rb3+ Kf4
85. Rb4+ Kf3 1/2-1/2

[Event "V Festival FIDE"]
[Site "Torre del Greco ITA"]
[Date "2006.09.10"]
[Round "9"]
[White "Orlov, Andrey"]
[Black "Isonzo, David"]
[Result "1/2-1/2"]
[WhiteElo "2439"]
[BlackElo "2361"]
[PlyCount "22"]
[EventDate "2006.09.03"]

1. e4 c5 2. Nf3 d6 3. Nc3 a6 4. a4 Nc6 5. Bc4 e6 6. O-O Nf6 7. Re1 Be7 8. d3
O-O 9. e5 dxe5 10. Nxe5 Nxe5 11. Rxe5 Qc7 1/2-1/2

[Event "V Festival FIDE"]
[Site "Torre del Greco ITA"]
[Date "2006.09.10"]
[Round "9"]
[White "Stromboli, Carlo"]
[Black "Sellitti, Federico"]
[Result "1/2-1/2"]
[WhiteElo "2196"]
[BlackElo "2165"]
[PlyCount "118"]
[EventDate "2006.09.03"]

1. e4 c5 2. Nf3 d6 3. d4 cxd4 4. Qxd4 a6 5. c4 Nc6 6. Qd3 Nf6 7. Be2 e6 8. Nc3
Be7 9. h3 Qc7 10. Be3 Bd7 11. Rc1 O-O 12. O-O Ne5 13. Qb1 Rfd8 14. Nd2 b6 15.
f4 Ng6 16. Nf3 Bc6 17. Nd5 Bxd5 18. cxd5 Qb7 19. dxe6 Nxe4 20. exf7+ Kxf7 21.
Bc4+ Ke8 22. Rcd1 Nf6 23. Ng5 d5 24. Bd3 Nf8 25. Nxh7 N8xh7 26. Bxh7 Bc5 27.
Bd4 Kf8 28. Bg6 Qc6 29. Qf5 Ra7 30. Kh2 Bxd4 31. Rxd4 Re7 32. Qd3 b5 33. Rd1
Qc7 34. Qf3 Rd6 35. Qg3 Re2 36. R1d2 Rde6 37. Qa3+ Qe7 38. Qc3 Qd6 39. Rxe2
Rxe2 40. Qc8+ Ke7 41. Qh8 Ng4+ 42. hxg4 Qxg6 43. Qh4+ Qf6 44. Qxf6+ gxf6 45.
Rxd5 Rxb2 46. a4 Rb4 47. axb5 Rxf4 48. bxa6 Ra4 49. g5 fxg5 50. Rxg5 Rxa6 51.
Rf5 Rh6+ 52. Kg3 Rg6+ 53. Kh3 Ke6 54. g4 Rf6 55. Ra5 Kf7 56. Kh4 Rb6 57. Kh5
Kg7 58. Ra7+ Kg8 59. g5 Rc6 1/2-1/2

[Event "V Festival FIDE"]
[Site "Torre del Greco ITA"]
[Date "2006.09.10"]
[Round "9"]
[White "Stromboli, Ettore"]
[Black "Castaldo, Folco"]
[Result "0-1"]
[WhiteElo "2224"]
[BlackElo "2336"]
[PlyCount "50"]
[EventDate "2006.09.03"]

1. e4 c5 2. Nf3 a6 3. c4 d6 4. d4 Bg4 5. dxc5 Bxf3 6. Qxf3 dxc5 7. Na3 Nc6 8.
Nc2 e6 9. Be2 Nf6 10. O-O Bd6 11. Bf4 Bxf4 12. Qxf4 O-O 13. Rfd1 Qb6 14. b3
Rad8 15. Qe3 e5 16. Bd3 Rd6 17. Qe2 Rfd8 18. Ne3 Nd4 19. Qf1 Qc7 20. f4 exf4
21. e5 Re6 22. exf6 fxe3 23. Qe1 e2 24. Rd2 Qf4 25. Kh1 Rde8 0-1

[Event "XII Weekend FIDE"]
[Site "Ivrea ITA"]
[Date "2006.03.17"]
[Round "1"]
[White "Castaldo, Folco"]
[Black "Cova, Alessandro"]
[Result "1-0"]
[WhiteElo "2363"]
[BlackElo "1963"]
[PlyCount "95"]
[EventDate "2006.03.17"]

1.e4 e5 2.Nf3 Nc6 3.Bc4 Bc5 4.c3 Nf6 5.d3 O-O 6.Bb3 d6 7.Bg5 Be6 8.Nbd2 
Qe7 9.Nf1 Rab8 10.Bc2 a5 11.Ne3 Rbd8 12.O-O d5 13.exd5 Bxd5 14.Nxd5 Rxd5 
15.Qe2 Re8 16.Rfe1 Rd7 17.Nd2 Qd8 18.Ne4 Be7 19.Bxf6 Bxf6 20.Nc5 Rde7 21.
Qe4 Nd4 22.Nxb7 Qd7 23.Nc5 Qd6 24.Ba4 c6 25.b4 axb4 26.cxb4 Ra8 27.Rac1 
Rea7 28.Bb3 Rb8 29.Rc4 h6 30.h3 Rb6 31.Qe3 Qb8 32.Qd2 Bg5 33.Qc3 Be7 34.f4
Nxb3 35.axb3 Bxc5+ 36.Rxc5 exf4 37.d4 Ra8 38.Rxc6 Rxb4 39.Rc7 Rb7 40.Ree7 
Rxc7 41.Rxc7 Qe8 42.Kh2 Rd8 43.Qc4 Qf8 44.b4 Qe8 45.b5 f3 46.gxf3 Ra8 47.
b6 Qe1 48.Qxf7+ 1-0

[Event "XII Weekend FIDE"]
[Site "Ivrea ITA"]
[Date "2006.03.17"]
[Round "1"]
[White "Chiarotto, Filippo"]
[Black "Sorcinelli, Francesco"]
[Result "0-1"]
[WhiteElo "1880"]
[BlackElo "2106"]
[PlyCount "104"]
[EventDate "2006.03.17"]

1.e4 c5 2.Nc3 Nc6 3.Nge2 g6 4.g3 Bg7 5.Bg2 d6 6.O-O h5 7.h3 Nf6 8.d3 Bd7 
9.Nf4 Rb8 10.Nfd5 Nxd5 11.exd5 Nd4 12.Bg5 O-O 13.Ne4 f6 14.Bf4 g5 15.Be3 
Qe8 16.c3 Nf5 17.Bd2 Qg6 18.Kh2 Kf7 19.f4 g4 20.h4 b5 21.Qe2 Kg8 22.Rab1 
a5 23.a3 b4 24.axb4 axb4 25.Ra1 bxc3 26.bxc3 Rb7 27.Rfb1 Rfb8 28.Rxb7 Rxb7
29.Ra8+ Kh7 30.Be1 Rb5 31.Bf2 Bh6 32.c4 Rb4 33.Ra7 Be8 34.Nxd6 Nxd6 35.
Qxe7+ Qf7 36.Qxd6 Qxa7 37.Bxc5 Bxf4 38.Be4+ Bg6 39.gxf4 Qa2+ 40.Kg3 Rb7 
41.Bxg6+ Kxg6 42.f5+ Kxf5 43.Qe6+ Kg6 44.Qe4+ Kg7 45.d6 Qb1 46.Bd4 Rf7 47.
Qf5 Qe1+ 48.Bf2 Qf1 49.Qe4 f5 50.Bd4+ Kh7 51.Qe6 f4+ 52.Kh2 g3# 0-1

[Event "XII Weekend FIDE"]
[Site "Ivrea ITA"]
[Date "2006.03.17"]
[Round "1"]
[White "Ranieri, Fabrizio"]
[Black "Bruno, Fabrizio P."]
[Result "1/2-1/2"]
[WhiteElo "2248"]
[BlackElo "1892"]
[PlyCount "65"]
[EventDate "2006.03.17"]

1.e4 d6 2.d4 Nf6 3.Nc3 g6 4.Bg5 Bg7 5.Qd2 c6 6.f3 Qa5 7.O-O-O b5 8.Kb1 b4 
9.Nce2 Be6 10.Nc1 Nbd7 11.Nb3 Qb6 12.Ne2 a5 13.Nf4 Bxb3 14.cxb3 O-O 15.h4 
h6 16.Bxf6 Nxf6 17.Bc4 e6 18.g4 d5 19.exd5 cxd5 20.Be2 a4 21.bxa4 Rxa4 22.
b3 Ra3 23.Qd3 Rfa8 24.Rd2 Qb8 25.Nh3 Qa7 26.Qc2 Ne8 27.h5 g5 28.Rhd1 Nd6 
29.Qc5 Rxb3+ 30.axb3 Qa1+ 31.Kc2 Qa2+ 32.Kc1 Qa1+ 33.Kc2 1/2-1/2

[Event "XII Weekend FIDE"]
[Site "Ivrea ITA"]
[Date "2006.03.18"]
[Round "2"]
[White "Hubschmid, Stefan"]
[Black "Ranieri, Fabrizio"]
[Result "1/2-1/2"]
[WhiteElo "2044"]
[BlackElo "2248"]
[PlyCount "42"]
[EventDate "2006.03.17"]

1.e4 e6 2.d4 d5 3.Nc3 Nf6 4.Bd3 c5 5.Nf3 cxd4 6.Nxd4 Nc6 7.Bb5 Bd7 8.exd5 
exd5 9.O-O Be7 10.Re1 O-O 11.Bg5 Re8 12.Qd2 a6 13.Bf1 Qb6 14.Nf3 Qxb2 15.
Rab1 Qa3 16.Rxb7 Na5 17.Rbb1 Bb4 18.Bxf6 gxf6 19.Rxe8+ Rxe8 20.Nb5 Bxb5 
21.Qxb4 Nc4 1/2-1/2

[Event "XII Weekend FIDE"]
[Site "Ivrea ITA"]
[Date "2006.03.18"]
[Round "2"]
[White "Matta, Francesca"]
[Black "Chiarotto, Filippo"]
[Result "0-1"]
[WhiteElo "1832"]
[BlackElo "1880"]
[PlyCount "120"]
[EventDate "2006.03.17"]

1.e4 Nc6 2.d4 d5 3.e5 Bf5 4.c3 e6 5.Nf3 h5 6.Bd3 Bxd3 7.Qxd3 Nh6 8.Bxh6 
Rxh6 9.Qb5 Qd7 10.Nbd2 O-O-O 11.O-O-O Nxe5 12.Qe2 Nxf3 13.Nxf3 Bd6 14.Ne5 
Bxe5 15.Qxe5 Qd6 16.Qxd6 Rxd6 17.f4 Kd7 18.Rde1 f6 19.Re3 g6 20.h4 a5 21.
Rhe1 Rh7 22.Rg3 Rg7 23.Kd2 Ke7 24.Rf1 Kf7 25.Re1 b6 26.Rc1 Rg8 27.b3 c5 
28.Rf3 Rc8 29.dxc5 bxc5 30.a3 Rb6 31.Rb1 Rcb8 32.Kc2 Re8 33.Re1 Reb8 34.
Rb1 R8b7 35.Rf2 Kg7 36.Re2 Kf7 37.Re3 Rb8 38.Re2 Rg8 39.Rf1 Ke7 40.Ref2 
Kd6 41.Rb1 g5 42.fxg5 fxg5 43.hxg5 Rxg5 44.b4 cxb4 45.axb4 axb4 46.cxb4 
Rg4 47.Kc3 Rc4+ 48.Kd3 Rbxb4 49.Rh1 Rb3+ 50.Kd2 Rb2+ 51.Ke3 Rc3+ 52.Kd4 
Rxf2 53.Kxc3 Rxg2 54.Rxh5 Rg3+ 55.Kd2 e5 56.Rh6+ Kc5 57.Rh8 Kd4 58.Rc8 
Rg2+ 59.Kc1 e4 60.Re8 Kd3 0-1

[Event "XII Weekend FIDE"]
[Site "Ivrea ITA"]
[Date "2006.03.18"]
[Round "2"]
[White "Sorcinelli, Francesco"]
[Black "Castaldo, Folco"]
[Result "1/2-1/2"]
[WhiteElo "2106"]
[BlackElo "2363"]
[PlyCount "35"]
[EventDate "2006.03.17"]

1.e4 e6 2.Nf3 d5 3.Nc3 Nf6 4.e5 Nfd7 5.d4 c5 6.dxc5 Nc6 7.Bf4 Bxc5 8.Bd3 
f6 9.exf6 Qxf6 10.Bg3 O-O 11.O-O Nd4 12.Nxd4 Bxd4 13.Nb5 Bxb2 14.Rb1 Be5 
15.Bxe5 Nxe5 16.Nc7 Rb8 17.Na6 Ra8 18.Nc7 1/2-1/2

[Event "XII Weekend FIDE"]
[Site "Ivrea ITA"]
[Date "2006.03.18"]
[Round "3"]
[White "Laurenti, Stefano"]
[Black "Chiarotto, Filippo"]
[Result "1/2-1/2"]
[WhiteElo "2030"]
[BlackElo "1880"]
[PlyCount "132"]
[EventDate "2006.03.17"]

1.e4 Nc6 2.Nf3 d6 3.d4 Nf6 4.Nc3 Bg4 5.Be2 a6 6.Bf4 h6 7.d5 Nb8 8.Nd4 Bxe2
9.Qxe2 g5 10.e5 dxe5 11.Bxe5 Nbd7 12.O-O-O Nxe5 13.Qxe5 Qd6 14.Qe2 O-O-O 
15.Nf5 Qf4+ 16.Ne3 Ne4 17.Nxe4 Qxe4 18.f3 Qe5 19.Qd3 Bg7 20.Qb3 Rhe8 21.
Nc4 Qf4+ 22.Kb1 b5 23.Na5 Rd6 24.Rhe1 Rb6 25.Nc6 Qd6 26.Qe3 Bf6 27.g3 Kb7 
28.Na5+ Kc8 29.Nc6 Kb7 30.Re2 Kc8 31.Qd3 Rh8 32.Na5 Kb8 33.Nc6+ Rxc6 34.
dxc6 Qxc6 35.Red2 Kb7 36.Qb3 Qc4 37.Qxc4 bxc4 38.Rd8 Rh7 39.c3 h5 40.R8d5 
Kb6 41.a4 Kc6 42.Kc2 g4 43.f4 h4 44.gxh4 Rxh4 45.R5d2 e6 46.Re1 Be7 47.Re4
Bd6 48.Rxc4+ Kb6 49.Re4 Rh3 50.Rf2 Kc6 51.Kb3 f6 52.Kc4 e5 53.fxe5 Bxe5 
54.b4 Rxh2 55.b5+ axb5+ 56.axb5+ Kb6 57.Rxh2 Bxh2 58.Re8 Be5 59.Rb8+ Ka7 
60.Rg8 g3 61.Kd5 Bxc3 62.Rxg3 Be5 63.Ra3+ Kb6 64.Kc4 Bd6 65.Ra6+ Kb7 66.
Kd5 Be5 1/2-1/2

[Event "XII Weekend FIDE"]
[Site "Ivrea ITA"]
[Date "2006.03.18"]
[Round "3"]
[White "Ranieri, Fabrizio"]
[Black "Caresana, Alessandro"]
[Result "1-0"]
[WhiteElo "2248"]
[BlackElo "1969"]
[PlyCount "109"]
[EventDate "2006.03.17"]

1.e4 c5 2.Nf3 Nc6 3.d4 cxd4 4.Nxd4 Nf6 5.Nc3 e5 6.Ndb5 d6 7.Bg5 a6 8.Na3 
b5 9.Nd5 Be7 10.Bxf6 Bxf6 11.c3 Bg5 12.Nc2 Rb8 13.Bd3 Be6 14.Nce3 Bxe3 15.
Nxe3 O-O 16.O-O Ne7 17.Qe2 f5 18.exf5 Nxf5 19.Nxf5 Bxf5 20.Bxf5 Rxf5 21.
Qd3 Rf6 22.Qd5+ Kf8 23.Rad1 Qc7 24.Qe4 Kg8 25.Qd5+ Kf8 26.f4 exf4 27.Qe4 
Qc5+ 28.Rd4 Kg8 29.Rxf4 Rxf4 30.Qxf4 Rd8 31.h3 a5 32.Kh1 h6 33.Qe4 d5 34.
Qe5 Qd6 35.Qxd6 Rxd6 36.a4 b4 37.cxb4 axb4 38.Kg1 b3 39.Kf2 Kf7 40.Ke3 Ke6
41.Rb4 Ra6 42.Kd4 g5 43.Kc3 Ke5 44.Kxb3 d4 45.Rb8 Ke4 46.Rd8 Kd3 47.Ka3 
Rc6 48.a5 Kc4 49.b4 d3 50.Ka4 h5 51.b5 Rc5 52.b6 Rd5 53.Rxd5 Kxd5 54.Kb3 
Kd4 55.b7 1-0

[Event "XII Weekend FIDE"]
[Site "Ivrea ITA"]
[Date "2006.03.19"]
[Round "4"]
[White "Chiarotto, Filippo"]
[Black "Aglietti, Graziano"]
[Result "1/2-1/2"]
[WhiteElo "1880"]
[BlackElo "2055"]
[PlyCount "29"]
[EventDate "2006.03.17"]

1.e4 c5 2.Nc3 e6 3.Nge2 d5 4.exd5 exd5 5.d4 Nc6 6.Be3 c4 7.g3 h6 8.Bg2 Nf6
9.Nf4 Bb4 10.O-O Ne7 11.Nh5 Nxh5 12.Qxh5 Bxc3 13.bxc3 Bf5 14.Qe2 O-O 15.
Rfe1 1/2-1/2

[Event "XII Weekend FIDE"]
[Site "Ivrea ITA"]
[Date "2006.03.19"]
[Round "5"]
[White "Caresana, Alessandro"]
[Black "Chiarotto, Filippo"]
[Result "1-0"]
[WhiteElo "1969"]
[BlackElo "1880"]
[PlyCount "71"]
[EventDate "2006.03.17"]

1.d4 d5 2.Nf3 Nc6 3.g3 Bg4 4.Bg2 g6 5.h3 Bxf3 6.Bxf3 Bg7 7.c3 e6 8.O-O 
Nge7 9.Nd2 Qd7 10.e4 O-O-O 11.b4 dxe4 12.Nxe4 Nd5 13.b5 Na5 14.Qa4 b6 15.
Bd2 Kb8 16.c4 Bxd4 17.Bxa5 Bxa1 18.Rxa1 bxa5 19.cxd5 exd5 20.Nc5 Qd6 21.
Na6+ Kc8 22.Rc1 Rd7 23.Qd4 Rf8 24.Qxa7 Kd8 25.Re1 Re7 26.Rd1 Re5 27.Nb8 
Rg5 28.Nc6+ Kd7 29.Kg2 h5 30.h4 Rf5 31.Nxa5 Qb6 32.Qxb6 cxb6 33.Nc4 Kc7 
34.Ne3 Re5 35.Nxd5+ Kd6 36.Nxb6+ 1-0

[Event "XII Weekend FIDE"]
[Site "Ivrea ITA"]
[Date "2006.03.19"]
[Round "5"]
[White "Castaldo, Folco"]
[Black "Hubschmid, Stefan"]
[Result "1-0"]
[WhiteElo "2363"]
[BlackElo "2044"]
[PlyCount "25"]
[EventDate "2006.03.17"]

1.Nf3 f5 2.d3 d6 3.e4 e5 4.Nc3 Nf6 5.exf5 Bxf5 6.d4 Nbd7 7.dxe5 Nxe5 8.
Nxe5 dxe5 9.Qf3 Qc8 10.Bc4 e4 11.Qg3 g6 12.Qe5+ Be7 13.Nd5 1-0

[Event "Weekend"]
[Site "Monza ITA"]
[Date "2006.03.18"]
[Round "1"]
[White "Capata, Ion"]
[Black "Tomasetto, Mauro"]
[Result "1-0"]
[WhiteElo "2084"]
[BlackElo "1512"]
[PlyCount "89"]
[EventDate "2006.03.18"]

1.e4 e6 2.d4 d5 3.exd5 exd5 4.Bd3 Bd6 5.Nf3 Ne7 6.h3 Bf5 7.O-O Qd7 8.Re1 
Bxd3 9.Qxd3 Nc6 10.c3 O-O-O 11.b4 Qf5 12.Qxf5+ Nxf5 13.Na3 Rhe8 14.Bd2 h6 
15.Nc2 Re4 16.g4 Nfe7 17.Rxe4 dxe4 18.Nh4 g5 19.Ng2 f5 20.Re1 Re8 21.c4 
fxg4 22.hxg4 Ng6 23.f3 Rf8 24.fxe4 Bf4 25.Bc3 Bg3 26.Re2 Nf4 27.Nxf4 Rxf4 
28.Kg2 Bh4 29.Be1 Rxg4+ 30.Kf3 Rf4+ 31.Ke3 Bxe1 32.Rxe1 Rh4 33.e5 Kd7 34.
b5 Na5 35.Kd3 Rh3+ 36.Ne3 g4 37.Ke4 h5 38.d5 g3 39.e6+ Kd8 40.Kf3 h4 41.
Nf5 Ke8 42.e7 Rh2 43.Ng7+ Kf7 44.e8=Q+ Kxg7 45.Re7+ 1-0

[Event "Weekend"]
[Site "Monza ITA"]
[Date "2006.03.18"]
[Round "1"]
[White "Cazzaniga, Andrea"]
[Black "Bettini, Massimo"]
[Result "0-1"]
[WhiteElo "1452"]
[BlackElo "1916"]
[PlyCount "26"]
[EventDate "2006.03.18"]

1.b3 e5 2.Bb2 Nc6 3.e3 Nf6 4.Bb5 d6 5.Bxc6+ bxc6 6.d3 Bg4 7.f3 Be6 8.g4 
Nd5 9.Qe2 Qh4+ 10.Qf2 Qh6 11.Bc1 Be7 12.c4 Bh4 13.g5 Bxf2+ 0-1

[Event "Weekend"]
[Site "Monza ITA"]
[Date "2006.03.18"]
[Round "1"]
[White "Crippa, Oscar"]
[Black "Bertrecchi, Corrado"]
[Result "0-1"]
[WhiteElo "1577"]
[BlackElo "1395"]
[PlyCount "102"]
[EventDate "2006.03.18"]

1.e4 d6 2.d4 Nf6 3.Nc3 c6 4.Nf3 Bg4 5.Bc4 e6 6.Bg5 Be7 7.O-O b5 8.Bd3 Nbd7
9.Re1 h6 10.Be3 Bh5 11.h3 Bg6 12.Qe2 a6 13.a3 O-O 14.Rad1 Qc7 15.Bf4 Nh5 
16.Bh2 Rfe8 17.Qd2 Rad8 18.Ne2 Qb7 19.Nf4 Nxf4 20.Bxf4 h5 21.c3 c5 22.d5 
e5 23.Bg5 f6 24.Be3 c4 25.Bc2 Bh7 26.Qe2 Bg6 27.Nh4 Kf7 28.Qf3 Rh8 29.Bg5 
Nf8 30.Bc1 Qd7 31.Re3 Kg8 32.Qe2 Bf7 33.Rg3 Rh7 34.Rf1 Qe8 35.Nf5 Kh8 36.
f4 h4 37.Re3 Bh5 38.Qf2 Bg6 39.Nxh4 f5 40.Nxg6+ Nxg6 41.fxe5 f4 42.Ree1 
Bh4 43.Qf3 Bxe1 44.Rxe1 dxe5 45.Bd1 Rd6 46.Qf2 Nh4 47.Bg4 Rg6 48.Re2 Rg5 
49.Bd2 Ng6 50.Kf1 Rh6 51.Qf3 Ne7 0-1